000 00564nam a2200181 4500
003 CO-ViMGA
020 _a978-958-8826-14-1
040 _aCO-ViMGA
_bspa
_cCO-ViMGA
082 _a822.33
_bS31h
100 1 _aShakespeare, William,
_d1564-1616
_93749
245 1 0 _aHamlet /
_cWilliam Shakespeare
260 _aBogotá :
_bMundo Litográfico,
_c2014
300 _a95 p. : il. ;
_b22 cm
490 _aColección obra literarias universales ;
_v14
500 _aContiene datos biográficos del autor
650 1 4 _aTeatro inglés
_ySiglo XVII
_97774
942 _2ddc
_cBK
999 _c11748
_d11748